000 00584nam a2200205Ia 4500
999 _c65599
_d65599
003 GCL
005 20240530110833.0
008 140319s9999 xx 000 0 ara d
020 _a9754540012
040 _aGCL /
_cGCL
082 0 4 _a235\
_bد ك
_221
110 0 _aدار سحنون
245 1 0 _aموسوعة السنة :
_bالكتب الستة وشروحها /
_cدار سحنون
250 _aط.2
260 _a[S.N] :
_bدار سحنون ،
_c1992
300 _a23 جزء ؛
_c24 سم.
650 0 7 _aشرح الحديث
650 0 7 _aصحيح مسلم
942 _2ddc
_cBK